| 000 | 00340nam a2200121Ia 4500 | ||
|---|---|---|---|
| 008 | 180219s9999 xx 000 0 und d | ||
| 020 | _a9781496346735 | ||
| 100 | _aGartner, Leslie P. | ||
| 245 | _aColor atlas and text of histology / | ||
| 250 | _a7th ed | ||
| 260 |
_aUSA : _bLippincott williams & wilkins _c2018 |
||
| 300 | _avii, 599 pages | ||
| 999 |
_c356026 _d356026 |
||